000 01765cgm a2200337 4500
001
008 090401t1997 xxu||||| |||| 00| 0 eng d
020 _a1899769862
035 _a(Sirsi) u79739
041 _aeng
041 _aeng
050 _a333.0062
_c18
100 _aLand, Howard
245 _aProfessional ethics and the rules of conduct of the Royal Institution of Chartered Surveyors
_ba CPD study pack
260 _aReading
_bCollege of Estate Management
_c1997
300 _av, 37p.
_bill.
_c30cm + 1 audio cassette (ca. 60 min.)
350 _a42.89
490 _aCollege of Estate Management CPD Study Pack
520 _aCPD study pack produced by the College of Estate Management with financial support from the RICS and the Harold Samuel Education Trust. Examines some of the aspects of practice where the surveyor may be tempted to gain a personal advantage over the client or behave in an improper manner.
520 _aAccompanied by Owlion Audio Programme "Professional ethics and the chartered surveyor" (J83975), which is also available to borrow separately.
520 _aThis CPD study pack has been withdrawn as it refers to the 1997 edition of "Rules of conduct : Conduct Regulations 2003 under Bye-Laws 10(1), 19, 20 and 22B" (J120976) which have been superseded. A suitable alternative is "Professional conduct for chartered surveyors: a practical guide" (ISBN 1842191292).
650 _aETHICS
650 _aPROFESSIONAL CONDUCT
650 _aPROFESSIONAL ETHICS
650 _aRICS RULES OF CONDUCT
690 _aMANAGEMENT-BUSINESS MANAGEMENT-PROFESSIONAL PRACTICE
710 _aCollege of Estate Management
_9400
710 _aRoyal Institution of Chartered Surveyors
_94900
942 _n0
948 _c21/07/1997
999 _c85353
_d85353